000 00731nmm a2200265 a 4500
003 AR-BaBNM
005 20251128204230.0
008 011101s1991 ||||||||||||||000 | spa||
020 _a84-86623-35-9
040 _cAR-BaBNM
100 1 _aMerino, José
245 1 0 _aEjercicios de verbos ingleses combinados con particulas
_bphrasal & prepositional verbs
260 _aMadrid
_bAnglo-Didáctica
_c1991
300 0 _a72 p.
650 4 _aINGLES
650 4 _aENSENANZA DE IDIOMAS
650 4 _aMORFOLOGIA [LINGUISTICA]
650 4 _aDIFICULTADES EN EL APRENDIZAJE
650 4 _aACTIVIDADES DE APRENDIZAJE
650 4 _aGRAMATICA
653 0 _aVERBOS
700 1 _aSheerin, Patrick H.
942 _cBK
998 _cCarmen
999 _c6640
_d6640